000
00292nam a2200109Ia 4500
008
220214s9999 xx 000 0 und d
100
_a
Sonnenberg Ann M
245
0
_a
Electron beam vulcanization of elastomers
260
_b
Kautschuk Gummi Kunststoffe
_c
1994
300
_a
864-868
942
_c
RE
999
_c
45923
_d
45923